| 000 -LEADER |
| fixed length control field |
00812nam a22001577a 4500 |
| 003 - CONTROL NUMBER IDENTIFIER |
| control field |
OSt |
| 005 - DATE AND TIME OF LATEST TRANSACTION |
| control field |
20150917102046.0 |
| 008 - FIXED-LENGTH DATA ELEMENTS--GENERAL INFORMATION |
| fixed length control field |
150917b xxu||||| |||| 00| 0 eng d |
| 040 ## - CATALOGING SOURCE |
| Transcribing agency |
RUA |
| 082 ## - DEWEY DECIMAL CLASSIFICATION NUMBER |
| Classification number |
AGR TUO 2004 B030 Or.1 |
| 100 ## - MAIN ENTRY--PERSONAL NAME |
| 9 (RLIN) |
646 |
| Personal name |
TUOTH, DANY. |
| 245 ## - TITLE STATEMENT |
| Title |
response of maize to n, p , k fertilizer application on sandy soil of basic lowlands rice (ការឆ្លើយតបនៃដំណាំពោតទៅនឹងការប្រើប្រាស់ជីអាសូត ផូស្វ័រ និងប៉ូតាស្យូម នៅលើដីខ្សាច់ខ្សត់ជីជាតិនៃតំបន់ទំនាបដាំស្រូវជាមូលដ្ឋាន ) |
| 260 ## - PUBLICATION, DISTRIBUTION, ETC. (IMPRINT) |
| Place of publication, distribution, etc. |
Phnom Penh |
| Name of publisher, distributor, etc. |
RUA |
| Date of publication, distribution, etc. |
2004 |
| 300 ## - PHYSICAL DESCRIPTION |
| Extent |
56p. |
| Other physical details |
ill. |
| Dimensions |
29cm. |
| 942 ## - ADDED ENTRY ELEMENTS (KOHA) |
| Source of classification or shelving scheme |
|
| Koha item type |
AGR |